<?xml version="1.0" encoding="UTF-8"?>
<record
    xmlns:xsi="http://www.w3.org/2001/XMLSchema-instance"
    xsi:schemaLocation="http://www.loc.gov/MARC21/slim http://www.loc.gov/standards/marcxml/schema/MARC21slim.xsd"
    xmlns="http://www.loc.gov/MARC21/slim">

  <leader>01234nam a2200277 a 4500</leader>
  <controlfield tag="001">81972</controlfield>
  <controlfield tag="003">BD-RjUL</controlfield>
  <controlfield tag="005">20230924120412.0</controlfield>
  <controlfield tag="008">230924s2021    ii ||||| |||| 00| 0 ben d</controlfield>
  <datafield tag="020" ind1=" " ind2=" ">
    <subfield code="a">9788195208630 (Vol. 1)</subfield>
  </datafield>
  <datafield tag="020" ind1=" " ind2=" ">
    <subfield code="a">9788195208623 (Vol. 2)</subfield>
  </datafield>
  <datafield tag="035" ind1=" " ind2=" ">
    <subfield code="a">(BD-RjUL)81972</subfield>
  </datafield>
  <datafield tag="040" ind1=" " ind2=" ">
    <subfield code="a">BD-RjUL</subfield>
    <subfield code="b">eng</subfield>
    <subfield code="c">BD-RjUL</subfield>
  </datafield>
  <datafield tag="041" ind1=" " ind2=" ">
    <subfield code="a">ben</subfield>
  </datafield>
  <datafield tag="082" ind1=" " ind2=" ">
    <subfield code="2">23</subfield>
    <subfield code="a">294.5922</subfield>
    <subfield code="b">BAR 2021</subfield>
  </datafield>
  <datafield tag="100" ind1=" " ind2=" ">
    <subfield code="a">&#x9AC;&#x9BE;&#x9B2;&#x9CD;&#x9AE;&#x9C0;&#x995;&#x9BF;</subfield>
    <subfield code="9">9143</subfield>
  </datafield>
  <datafield tag="245" ind1=" " ind2=" ">
    <subfield code="a">&#x9B0;&#x9BE;&#x9AE;&#x9BE;&#x9AF;&#x9BC;&#x9A3;&#x9AE; / </subfield>
    <subfield code="c">&#x9AC;&#x9BE;&#x9B2;&#x9CD;&#x9AE;&#x9C0;&#x995;&#x9BF; ; &#x985;&#x9A8;&#x9C1;&#x9AC;&#x9BE;&#x9A6; &#x986;&#x9B2;&#x9CB;&#x99A;&#x9BE;&#x9A8;&#x9BE; &#x9B8;&#x9AE;&#x9CD;&#x9AA;&#x9BE;&#x9A6;&#x9A8;&#x9BE; &#x9A7;&#x9CD;&#x9AF;&#x9BE;&#x9A8;&#x9C7;&#x9B6;&#x9A8;&#x9BE;&#x9B0;&#x9BE;&#x9AF;&#x9BC;&#x9A3; &#x99A;&#x995;&#x9CD;&#x9B0;&#x9AC;&#x9B0;&#x9CD;&#x9A4;&#x9C0;</subfield>
  </datafield>
  <datafield tag="250" ind1=" " ind2=" ">
    <subfield code="a">&#x9A4;&#x9A5;&#x9BE;&#x997;&#x9A4; &#x9B8;&#x982;.</subfield>
  </datafield>
  <datafield tag="260" ind1=" " ind2=" ">
    <subfield code="a">&#x995;&#x9B2;&#x995;&#x9BE;&#x9A4;&#x9BE; :</subfield>
    <subfield code="b">&#x9A4;&#x9A5;&#x9BE;&#x997;&#x9A4;,</subfield>
    <subfield code="c">&#x9E8;&#x9E6;&#x9E8;&#x9E7;</subfield>
  </datafield>
  <datafield tag="300" ind1=" " ind2=" ">
    <subfield code="a">&#x996;&#x9A3;&#x9CD;&#x9A1;;</subfield>
    <subfield code="c">&#x9E8;&#x9EA; &#x9B8;&#x9C7;&#x9AE;&#x9BF;.</subfield>
  </datafield>
  <datafield tag="505" ind1="0" ind2="1">
    <subfield code="a">&#x996;&#x9A3;&#x9CD;&#x9A1; &#x9E7;&#x9AE; (&#x986;&#x9A6;&#x9BF;, &#x985;&#x9AF;&#x9CB;&#x9A7;&#x9CD;&#x9AF;&#x9BE;, &#x985;&#x9B0;&#x9A3;&#x9CD;&#x9AF; &#x993; &#x995;&#x9BF;&#x9B7;&#x9CD;&#x995;&#x9BF;&#x9A8;&#x9CD;&#x9A7;&#x9BE; &#x995;&#x9BE;&#x9A3;&#x9CD;&#x9A1;)  -- &#x996;&#x9A3;&#x9CD;&#x9A1; &#x9E8;&#x9AF;&#x9BC; (&#x9B8;&#x9C1;&#x9A8;&#x9CD;&#x9A6;&#x9B0;, &#x9AF;&#x9C1;&#x9A6;&#x9CD;&#x9A7; &#x993; &#x989;&#x9A4;&#x9CD;&#x9A4;&#x9B0; &#x995;&#x9BE;&#x9A3;&#x9CD;&#x9A1;)--</subfield>
  </datafield>
  <datafield tag="650" ind1=" " ind2=" ">
    <subfield code="a">&#x9B0;&#x9BE;&#x9AE;&#x9BE;&#x9AF;&#x9BC;&#x9A3;</subfield>
    <subfield code="9">9144</subfield>
  </datafield>
  <datafield tag="650" ind1=" " ind2=" ">
    <subfield code="a">Ramayana</subfield>
    <subfield code="9">9145</subfield>
  </datafield>
  <datafield tag="700" ind1=" " ind2=" ">
    <subfield code="a">&#x99A;&#x995;&#x9CD;&#x9B0;&#x9AC;&#x9B0;&#x9CD;&#x9A4;&#x9C0;, &#x9A7;&#x9CD;&#x9AF;&#x9BE;&#x9A8;&#x9C7;&#x9B6;&#x9A8;&#x9BE;&#x9B0;&#x9BE;&#x9AF;&#x9BC;&#x9A3; </subfield>
    <subfield code="9">9146</subfield>
  </datafield>
  <datafield tag="942" ind1=" " ind2=" ">
    <subfield code="2">ddc</subfield>
    <subfield code="c">BK</subfield>
  </datafield>
  <datafield tag="999" ind1=" " ind2=" ">
    <subfield code="c">81972</subfield>
    <subfield code="d">81972</subfield>
  </datafield>
  <datafield tag="952" ind1=" " ind2=" ">
    <subfield code="0">0</subfield>
    <subfield code="1">0</subfield>
    <subfield code="2">ddc</subfield>
    <subfield code="4">0</subfield>
    <subfield code="7">1</subfield>
    <subfield code="8">NFIC</subfield>
    <subfield code="a">RUCL</subfield>
    <subfield code="b">RUCL</subfield>
    <subfield code="c">Reading</subfield>
    <subfield code="d">2023-08-08</subfield>
    <subfield code="e">Dhaka: Omni Concept</subfield>
    <subfield code="g">590.00</subfield>
    <subfield code="l">0</subfield>
    <subfield code="o">B 294.5922 BAR V-1 2021</subfield>
    <subfield code="r">2023-09-24 00:00:00</subfield>
    <subfield code="t">C-1</subfield>
    <subfield code="w">2023-09-24</subfield>
    <subfield code="y">BK</subfield>
  </datafield>
  <datafield tag="952" ind1=" " ind2=" ">
    <subfield code="0">0</subfield>
    <subfield code="1">0</subfield>
    <subfield code="2">ddc</subfield>
    <subfield code="4">0</subfield>
    <subfield code="7">0</subfield>
    <subfield code="8">NFIC</subfield>
    <subfield code="a">RUCL</subfield>
    <subfield code="b">RUCL</subfield>
    <subfield code="c">GEN</subfield>
    <subfield code="d">2023-08-08</subfield>
    <subfield code="e">Dhaka: Omni Concept</subfield>
    <subfield code="g">590.00</subfield>
    <subfield code="l">0</subfield>
    <subfield code="o">B 294.5922 BAR V-1 2021</subfield>
    <subfield code="r">2023-09-24 00:00:00</subfield>
    <subfield code="t">C-2</subfield>
    <subfield code="w">2023-09-24</subfield>
    <subfield code="y">BK</subfield>
  </datafield>
  <datafield tag="952" ind1=" " ind2=" ">
    <subfield code="0">0</subfield>
    <subfield code="1">0</subfield>
    <subfield code="2">ddc</subfield>
    <subfield code="4">0</subfield>
    <subfield code="7">1</subfield>
    <subfield code="8">NFIC</subfield>
    <subfield code="a">RUCL</subfield>
    <subfield code="b">RUCL</subfield>
    <subfield code="c">Reading</subfield>
    <subfield code="d">2023-08-08</subfield>
    <subfield code="e">Dhaka: Omni Concept</subfield>
    <subfield code="g">590.00</subfield>
    <subfield code="l">0</subfield>
    <subfield code="o">B 294.5922 BAR V-2 2021</subfield>
    <subfield code="r">2023-09-24 00:00:00</subfield>
    <subfield code="t">C-1</subfield>
    <subfield code="w">2023-09-24</subfield>
    <subfield code="y">BK</subfield>
  </datafield>
  <datafield tag="952" ind1=" " ind2=" ">
    <subfield code="0">0</subfield>
    <subfield code="1">0</subfield>
    <subfield code="2">ddc</subfield>
    <subfield code="4">0</subfield>
    <subfield code="7">0</subfield>
    <subfield code="8">NFIC</subfield>
    <subfield code="a">RUCL</subfield>
    <subfield code="b">RUCL</subfield>
    <subfield code="c">GEN</subfield>
    <subfield code="d">2023-08-08</subfield>
    <subfield code="e">Dhaka: Omni Concept</subfield>
    <subfield code="g">590.00</subfield>
    <subfield code="l">0</subfield>
    <subfield code="o">B 294.5922 BAR V-2 2021</subfield>
    <subfield code="r">2023-09-24 00:00:00</subfield>
    <subfield code="t">C-2</subfield>
    <subfield code="w">2023-09-24</subfield>
    <subfield code="y">BK</subfield>
  </datafield>
  <datafield tag="952" ind1=" " ind2=" ">
    <subfield code="0">0</subfield>
    <subfield code="1">0</subfield>
    <subfield code="2">ddc</subfield>
    <subfield code="4">0</subfield>
    <subfield code="7">0</subfield>
    <subfield code="8">NFIC</subfield>
    <subfield code="a">RUCL</subfield>
    <subfield code="b">RUCL</subfield>
    <subfield code="c">GEN</subfield>
    <subfield code="d">2024-02-22</subfield>
    <subfield code="e">Dhaka : Book Finder</subfield>
    <subfield code="g">1388.00</subfield>
    <subfield code="o">B 294.5922 BAR V-1 2021</subfield>
    <subfield code="r">2024-02-27 00:00:00</subfield>
    <subfield code="t">C-3</subfield>
    <subfield code="y">BK</subfield>
  </datafield>
  <datafield tag="952" ind1=" " ind2=" ">
    <subfield code="0">0</subfield>
    <subfield code="1">0</subfield>
    <subfield code="2">ddc</subfield>
    <subfield code="4">0</subfield>
    <subfield code="7">0</subfield>
    <subfield code="8">NFIC</subfield>
    <subfield code="a">RUCL</subfield>
    <subfield code="b">RUCL</subfield>
    <subfield code="c">GEN</subfield>
    <subfield code="d">2024-02-22</subfield>
    <subfield code="e">Dhaka : Book Finder</subfield>
    <subfield code="g">1388.00</subfield>
    <subfield code="o">B 294.5922 BAR V-1 2021</subfield>
    <subfield code="r">2024-02-27 00:00:00</subfield>
    <subfield code="t">C-4</subfield>
    <subfield code="y">BK</subfield>
  </datafield>
  <datafield tag="952" ind1=" " ind2=" ">
    <subfield code="0">0</subfield>
    <subfield code="1">0</subfield>
    <subfield code="2">ddc</subfield>
    <subfield code="4">0</subfield>
    <subfield code="7">0</subfield>
    <subfield code="8">NFIC</subfield>
    <subfield code="a">RUCL</subfield>
    <subfield code="b">RUCL</subfield>
    <subfield code="c">GEN</subfield>
    <subfield code="d">2024-02-22</subfield>
    <subfield code="e">Dhaka : Book Finder</subfield>
    <subfield code="g">1388.00</subfield>
    <subfield code="l">0</subfield>
    <subfield code="o">B 294.5922 BAR V-1 2021</subfield>
    <subfield code="r">2024-02-27 00:00:00</subfield>
    <subfield code="t">C-5</subfield>
    <subfield code="w">2024-02-27</subfield>
    <subfield code="y">BK</subfield>
  </datafield>
</record>
